<?xml version="1.0" encoding="UTF-8"?>
<record
    xmlns:xsi="http://www.w3.org/2001/XMLSchema-instance"
    xsi:schemaLocation="http://www.loc.gov/MARC21/slim http://www.loc.gov/standards/marcxml/schema/MARC21slim.xsd"
    xmlns="http://www.loc.gov/MARC21/slim">

  <leader>01327nam a2200385Ia 4500</leader>
  <datafield tag="999" ind1=" " ind2=" ">
    <subfield code="c">10618</subfield>
    <subfield code="d">10618</subfield>
  </datafield>
  <controlfield tag="001">			00000946</controlfield>
  <controlfield tag="003">			OSt</controlfield>
  <controlfield tag="005">20260402232220.0</controlfield>
  <controlfield tag="008">			110427s2003                  ||||||viesd</controlfield>
  <datafield tag="020" ind1=" " ind2=" ">
    <subfield code="a">9786326272277</subfield>
    <subfield code="c">180.000&#x111;</subfield>
  </datafield>
  <datafield tag="040" ind1=" " ind2=" ">
    <subfield code="c">LIC</subfield>
  </datafield>
  <datafield tag="041" ind1=" " ind2=" ">
    <subfield code="a">vie</subfield>
  </datafield>
  <datafield tag="044" ind1=" " ind2=" ">
    <subfield code="a">vn</subfield>
  </datafield>
  <datafield tag="082" ind1=" " ind2=" ">
    <subfield code="a">639</subfield>
    <subfield code="b">B</subfield>
  </datafield>
  <datafield tag="100" ind1=" " ind2=" ">
    <subfield code="a">H&#xE0;, Nam Th&#x1EAF;ng</subfield>
    <subfield code="e">Ch&#x1EE7; bi&#xEA;n</subfield>
    <subfield code="u">Huaf</subfield>
  </datafield>
  <datafield tag="245" ind1="1" ind2="0">
    <subfield code="a">Gi&#xE1;o tr&#xEC;nh b&#x1EA3;n &#x111;&#x1ED3; v&#xE0; ph&#xE2;n v&#xF9;ng ch&#x1EE9;c n&#x103;ng trong l&#x129;nh v&#x1EF1;c th&#x1EE7;y s&#x1EA3;n</subfield>
    <subfield code="c">H&#xE0; Nam Th&#x1EAF;ng (Ch&#x1EE7; bi&#xEA;n); M&#x1EA1;c Nh&#x1B0; B&#xEC;nh</subfield>
    <subfield code="b">D&#xF9;ng cho h&#x1EC7; &#x110;&#x1EA1;i h&#x1ECD;c  - Ng&#xE0;nh Th&#xFA; y</subfield>
  </datafield>
  <datafield tag="260" ind1=" " ind2=" ">
    <subfield code="a">Hu&#x1EBF;</subfield>
    <subfield code="b">&#x110;&#x1EA1;i h&#x1ECD;c Hu&#x1EBF;</subfield>
    <subfield code="c">2026</subfield>
  </datafield>
  <datafield tag="300" ind1=" " ind2=" ">
    <subfield code="a">184tr.</subfield>
    <subfield code="c">27cm.</subfield>
  </datafield>
  <datafield tag="504" ind1=" " ind2=" ">
    <subfield code="a">T&#xE0;i li&#x1EC7;u tham kh&#x1EA3;o tr.181-184</subfield>
  </datafield>
  <datafield tag="520" ind1=" " ind2=" ">
    <subfield code="a">Tr&#xEC;nh b&#xE0;y ki&#x1EBF;n th&#x1EE9;c  v&#x1EC1; b&#x1EA3;n &#x111;&#x1ED3;. H&#x1B0;&#x1EDB;ng d&#x1EAB;n quy tr&#xEC;nh v&#xE0; ph&#x1B0;&#x1A1;ng ph&#xE1;p th&#xE0;nh l&#x1EAD;p b&#x1EA3;n &#x111;&#x1ED3; &#x111;&#x1ECB;a l&#xFD;,</subfield>
  </datafield>
  <datafield tag="650" ind1=" " ind2=" ">
    <subfield code="a">TH&#x1EE6;Y S&#x1EA2;N</subfield>
  </datafield>
  <datafield tag="653" ind1=" " ind2=" ">
    <subfield code="a">Th&#x1EE7;y s&#x1EA3;n</subfield>
  </datafield>
  <datafield tag="653" ind1=" " ind2=" ">
    <subfield code="a">B&#x1EA3;n &#x111;&#x1ED3;</subfield>
  </datafield>
  <datafield tag="653" ind1=" " ind2=" ">
    <subfield code="a">Ph&#xE2;n v&#xF9;ng</subfield>
  </datafield>
  <datafield tag="700" ind1=" " ind2=" ">
    <subfield code="a">M&#x1EA1;c, Nh&#x1B0; B&#xEC;nh</subfield>
    <subfield code="9">2</subfield>
  </datafield>
  <datafield tag="700" ind1=" " ind2=" ">
    <subfield code="a">H&#x1ED3;, Th&#x1ECB; Dung</subfield>
  </datafield>
  <datafield tag="700" ind1=" " ind2=" ">
    <subfield code="a">L&#xEA;, Minh &#x110;&#x1EE9;c</subfield>
  </datafield>
  <datafield tag="710" ind1=" " ind2=" ">
    <subfield code="a">Tr&#x1B0;&#x1EDD;ng &#x110;&#x1EA1;i h&#x1ECD;c N&#xF4;ng L&#xE2;m Hu&#x1EBF;</subfield>
  </datafield>
  <datafield tag="942" ind1=" " ind2=" ">
    <subfield code="c">SACH</subfield>
    <subfield code="2">ddc</subfield>
  </datafield>
  <datafield tag="952" ind1=" " ind2=" ">
    <subfield code="0">0</subfield>
    <subfield code="1">0</subfield>
    <subfield code="2">ddc</subfield>
    <subfield code="4">0</subfield>
    <subfield code="7">0</subfield>
    <subfield code="a">109</subfield>
    <subfield code="b">109.2</subfield>
    <subfield code="d">2026-04-02</subfield>
    <subfield code="o">639 B</subfield>
    <subfield code="p">NL.045329</subfield>
    <subfield code="r">2026-04-02</subfield>
    <subfield code="w">2026-04-02</subfield>
    <subfield code="y">SACH</subfield>
  </datafield>
  <datafield tag="952" ind1=" " ind2=" ">
    <subfield code="0">0</subfield>
    <subfield code="1">0</subfield>
    <subfield code="2">ddc</subfield>
    <subfield code="4">0</subfield>
    <subfield code="7">0</subfield>
    <subfield code="a">109</subfield>
    <subfield code="b">109.2</subfield>
    <subfield code="d">2026-04-02</subfield>
    <subfield code="o">639 B</subfield>
    <subfield code="p">NL.045397</subfield>
    <subfield code="r">2026-04-02</subfield>
    <subfield code="w">2026-04-02</subfield>
    <subfield code="y">SACH</subfield>
  </datafield>
  <datafield tag="952" ind1=" " ind2=" ">
    <subfield code="0">0</subfield>
    <subfield code="1">0</subfield>
    <subfield code="2">ddc</subfield>
    <subfield code="4">0</subfield>
    <subfield code="7">0</subfield>
    <subfield code="a">109</subfield>
    <subfield code="b">109.2</subfield>
    <subfield code="d">2026-04-02</subfield>
    <subfield code="o">639 B</subfield>
    <subfield code="p">NL.045398</subfield>
    <subfield code="r">2026-04-02</subfield>
    <subfield code="w">2026-04-02</subfield>
    <subfield code="y">SACH</subfield>
  </datafield>
  <datafield tag="952" ind1=" " ind2=" ">
    <subfield code="0">0</subfield>
    <subfield code="1">0</subfield>
    <subfield code="2">ddc</subfield>
    <subfield code="4">0</subfield>
    <subfield code="7">0</subfield>
    <subfield code="a">109</subfield>
    <subfield code="b">109.2</subfield>
    <subfield code="d">2026-04-02</subfield>
    <subfield code="o">639 B</subfield>
    <subfield code="p">NL.045399</subfield>
    <subfield code="r">2026-04-02</subfield>
    <subfield code="w">2026-04-02</subfield>
    <subfield code="y">SACH</subfield>
  </datafield>
  <datafield tag="952" ind1=" " ind2=" ">
    <subfield code="0">0</subfield>
    <subfield code="1">0</subfield>
    <subfield code="2">ddc</subfield>
    <subfield code="4">0</subfield>
    <subfield code="7">0</subfield>
    <subfield code="a">109</subfield>
    <subfield code="b">109.2</subfield>
    <subfield code="d">2026-04-02</subfield>
    <subfield code="o">639 B</subfield>
    <subfield code="p">NL.045400</subfield>
    <subfield code="r">2026-04-02</subfield>
    <subfield code="w">2026-04-02</subfield>
    <subfield code="y">SACH</subfield>
  </datafield>
  <datafield tag="952" ind1=" " ind2=" ">
    <subfield code="0">0</subfield>
    <subfield code="1">0</subfield>
    <subfield code="2">ddc</subfield>
    <subfield code="4">0</subfield>
    <subfield code="7">0</subfield>
    <subfield code="a">109</subfield>
    <subfield code="b">109.2</subfield>
    <subfield code="d">2026-04-02</subfield>
    <subfield code="o">639 B</subfield>
    <subfield code="p">NL.045401</subfield>
    <subfield code="r">2026-04-02</subfield>
    <subfield code="w">2026-04-02</subfield>
    <subfield code="y">SACH</subfield>
  </datafield>
  <datafield tag="952" ind1=" " ind2=" ">
    <subfield code="0">0</subfield>
    <subfield code="1">0</subfield>
    <subfield code="2">ddc</subfield>
    <subfield code="4">0</subfield>
    <subfield code="7">0</subfield>
    <subfield code="a">109</subfield>
    <subfield code="b">109.2</subfield>
    <subfield code="d">2026-04-02</subfield>
    <subfield code="o">639 B</subfield>
    <subfield code="p">NL.045402</subfield>
    <subfield code="r">2026-04-02</subfield>
    <subfield code="w">2026-04-02</subfield>
    <subfield code="y">SACH</subfield>
  </datafield>
  <datafield tag="952" ind1=" " ind2=" ">
    <subfield code="0">0</subfield>
    <subfield code="1">0</subfield>
    <subfield code="2">ddc</subfield>
    <subfield code="4">0</subfield>
    <subfield code="7">0</subfield>
    <subfield code="a">109</subfield>
    <subfield code="b">109.2</subfield>
    <subfield code="d">2026-04-02</subfield>
    <subfield code="o">639 B</subfield>
    <subfield code="p">NL.045403</subfield>
    <subfield code="r">2026-04-02</subfield>
    <subfield code="w">2026-04-02</subfield>
    <subfield code="y">SACH</subfield>
  </datafield>
  <datafield tag="952" ind1=" " ind2=" ">
    <subfield code="0">0</subfield>
    <subfield code="1">0</subfield>
    <subfield code="2">ddc</subfield>
    <subfield code="4">0</subfield>
    <subfield code="7">0</subfield>
    <subfield code="a">109</subfield>
    <subfield code="b">109.2</subfield>
    <subfield code="d">2026-04-02</subfield>
    <subfield code="o">639 B</subfield>
    <subfield code="p">NL.045404</subfield>
    <subfield code="r">2026-04-02</subfield>
    <subfield code="w">2026-04-02</subfield>
    <subfield code="y">SACH</subfield>
  </datafield>
  <datafield tag="952" ind1=" " ind2=" ">
    <subfield code="0">0</subfield>
    <subfield code="1">0</subfield>
    <subfield code="2">ddc</subfield>
    <subfield code="4">0</subfield>
    <subfield code="7">0</subfield>
    <subfield code="a">109</subfield>
    <subfield code="b">109.2</subfield>
    <subfield code="d">2026-04-02</subfield>
    <subfield code="o">639 B</subfield>
    <subfield code="p">NL.045405</subfield>
    <subfield code="r">2026-04-02</subfield>
    <subfield code="w">2026-04-02</subfield>
    <subfield code="y">SACH</subfield>
  </datafield>
  <datafield tag="952" ind1=" " ind2=" ">
    <subfield code="0">0</subfield>
    <subfield code="1">0</subfield>
    <subfield code="2">ddc</subfield>
    <subfield code="4">0</subfield>
    <subfield code="7">0</subfield>
    <subfield code="a">109</subfield>
    <subfield code="b">109.2</subfield>
    <subfield code="d">2026-04-02</subfield>
    <subfield code="o">639 B</subfield>
    <subfield code="p">NL.045406</subfield>
    <subfield code="r">2026-04-02</subfield>
    <subfield code="w">2026-04-02</subfield>
    <subfield code="y">SACH</subfield>
  </datafield>
  <datafield tag="952" ind1=" " ind2=" ">
    <subfield code="0">0</subfield>
    <subfield code="1">0</subfield>
    <subfield code="2">ddc</subfield>
    <subfield code="4">0</subfield>
    <subfield code="7">0</subfield>
    <subfield code="a">109</subfield>
    <subfield code="b">109.2</subfield>
    <subfield code="d">2026-04-02</subfield>
    <subfield code="o">639 B</subfield>
    <subfield code="p">NL.045407</subfield>
    <subfield code="r">2026-04-02</subfield>
    <subfield code="w">2026-04-02</subfield>
    <subfield code="y">SACH</subfield>
  </datafield>
  <datafield tag="952" ind1=" " ind2=" ">
    <subfield code="0">0</subfield>
    <subfield code="1">0</subfield>
    <subfield code="2">ddc</subfield>
    <subfield code="4">0</subfield>
    <subfield code="7">0</subfield>
    <subfield code="a">109</subfield>
    <subfield code="b">109.2</subfield>
    <subfield code="d">2026-04-02</subfield>
    <subfield code="o">639 B</subfield>
    <subfield code="p">NL.045408</subfield>
    <subfield code="r">2026-04-02</subfield>
    <subfield code="w">2026-04-02</subfield>
    <subfield code="y">SACH</subfield>
  </datafield>
  <datafield tag="952" ind1=" " ind2=" ">
    <subfield code="0">0</subfield>
    <subfield code="1">0</subfield>
    <subfield code="2">ddc</subfield>
    <subfield code="4">0</subfield>
    <subfield code="7">0</subfield>
    <subfield code="a">109</subfield>
    <subfield code="b">109.2</subfield>
    <subfield code="d">2026-04-02</subfield>
    <subfield code="o">639 B</subfield>
    <subfield code="p">NL.045409</subfield>
    <subfield code="r">2026-04-02</subfield>
    <subfield code="w">2026-04-02</subfield>
    <subfield code="y">SACH</subfield>
  </datafield>
  <datafield tag="952" ind1=" " ind2=" ">
    <subfield code="0">0</subfield>
    <subfield code="1">0</subfield>
    <subfield code="2">ddc</subfield>
    <subfield code="4">0</subfield>
    <subfield code="7">0</subfield>
    <subfield code="a">109</subfield>
    <subfield code="b">109.2</subfield>
    <subfield code="d">2026-04-02</subfield>
    <subfield code="o">639 B</subfield>
    <subfield code="p">NL.045410</subfield>
    <subfield code="r">2026-04-02</subfield>
    <subfield code="w">2026-04-02</subfield>
    <subfield code="y">SACH</subfield>
  </datafield>
  <datafield tag="952" ind1=" " ind2=" ">
    <subfield code="0">0</subfield>
    <subfield code="1">0</subfield>
    <subfield code="2">ddc</subfield>
    <subfield code="4">0</subfield>
    <subfield code="7">0</subfield>
    <subfield code="a">109</subfield>
    <subfield code="b">109.2</subfield>
    <subfield code="d">2026-04-02</subfield>
    <subfield code="o">639 B</subfield>
    <subfield code="p">NL.045411</subfield>
    <subfield code="r">2026-04-02</subfield>
    <subfield code="w">2026-04-02</subfield>
    <subfield code="y">SACH</subfield>
  </datafield>
  <datafield tag="952" ind1=" " ind2=" ">
    <subfield code="0">0</subfield>
    <subfield code="1">0</subfield>
    <subfield code="2">ddc</subfield>
    <subfield code="4">0</subfield>
    <subfield code="7">0</subfield>
    <subfield code="a">109</subfield>
    <subfield code="b">109.2</subfield>
    <subfield code="d">2026-04-02</subfield>
    <subfield code="o">639 B</subfield>
    <subfield code="p">NL.045412</subfield>
    <subfield code="r">2026-04-02</subfield>
    <subfield code="w">2026-04-02</subfield>
    <subfield code="y">SACH</subfield>
  </datafield>
  <datafield tag="952" ind1=" " ind2=" ">
    <subfield code="0">0</subfield>
    <subfield code="1">0</subfield>
    <subfield code="2">ddc</subfield>
    <subfield code="4">0</subfield>
    <subfield code="7">0</subfield>
    <subfield code="a">109</subfield>
    <subfield code="b">109.2</subfield>
    <subfield code="d">2026-04-02</subfield>
    <subfield code="o">639 B</subfield>
    <subfield code="p">NL.045413</subfield>
    <subfield code="r">2026-04-02</subfield>
    <subfield code="w">2026-04-02</subfield>
    <subfield code="y">SACH</subfield>
  </datafield>
  <datafield tag="952" ind1=" " ind2=" ">
    <subfield code="0">0</subfield>
    <subfield code="1">0</subfield>
    <subfield code="2">ddc</subfield>
    <subfield code="4">0</subfield>
    <subfield code="7">0</subfield>
    <subfield code="a">109</subfield>
    <subfield code="b">109.2</subfield>
    <subfield code="d">2026-04-02</subfield>
    <subfield code="o">639 B</subfield>
    <subfield code="p">NL.045414</subfield>
    <subfield code="r">2026-04-02</subfield>
    <subfield code="w">2026-04-02</subfield>
    <subfield code="y">SACH</subfield>
  </datafield>
  <datafield tag="952" ind1=" " ind2=" ">
    <subfield code="0">0</subfield>
    <subfield code="1">0</subfield>
    <subfield code="2">ddc</subfield>
    <subfield code="4">0</subfield>
    <subfield code="7">0</subfield>
    <subfield code="a">109</subfield>
    <subfield code="b">109.2</subfield>
    <subfield code="d">2026-04-02</subfield>
    <subfield code="o">639 B</subfield>
    <subfield code="p">NL.045415</subfield>
    <subfield code="r">2026-04-02</subfield>
    <subfield code="w">2026-04-02</subfield>
    <subfield code="y">SACH</subfield>
  </datafield>
</record>
